Same Thing - Different Word Quiz Stats

 Plays Quiz Updated Jun 19, 2018

Also try: Dialectic Divides
Challenge
Share
Tweet
Score 0/30 Timer 05:00
3 Plays Today
% Correct
Basement
97.4%
Carousel
97.2%
Firefly
96.3%
Cougar
96%
Bigfoot
94.7%
Blinker
94.4%
Seesaw
93.9%
Pancake
93.9%
Chickpea
93.6%
Porch
93.5%
Clicker
93.1%
Reindeer
93%
Streetcar
92.7%
Creek
92.5%
Aubergine
92.2%
% Correct
Footstool
91.7%
Billfold
90.4%
Earthworm
90%
Crayfish
89.8%
Groundhog
89.7%
Faucet
89%
Briefcase
88.7%
Water fountain
88.5%
Outhouse
88.1%
Hoagie
88%
Pennant
87.1%
Tadpole
86.8%
Sprinkles
86%
Peanut
84.1%
Adage
82.9%

You're not logged in!

Compare scores with friends on all Sporcle quizzes.
OR
Log In

You Might Also Like...

Show Comments

Extras

Top Quizzes Today


Score Distribution

Your Account Isn't Verified!

In order to create a playlist on Sporcle, you need to verify the email address you used during registration. Go to your Sporcle Settings to finish the process.

Report this User

Report this user for behavior that violates our Community Guidelines.

Details: